| 000 | 00545nam a2200193Ia 4500 | ||
|---|---|---|---|
| 003 | GCL | ||
| 008 | 140319s9999 xx 000 0 ara d | ||
| 040 |
_aGCL / _cGCL |
||
| 082 | 0 | 4 |
_a809 _bم ظ |
| 100 | 1 | _aمحمود رفعت الشهابى | |
| 245 | 1 | 0 |
_aالقاهرة النقدية لدى زكى مبارك / _cمحمود رفعت الشهابى |
| 300 | _a415 ص | ||
| 490 | _a | ||
| 650 | 0 | 4 | _aالادب |
| 650 | 0 | 4 | _aالادب - تاريخ ونقد |
| 650 | 0 | 4 | _aالادباء |
| 650 | 0 | 4 | _aزكى مبارك |
| 942 |
_2ddc _cBK |
||
| 999 |
_c52234 _d52234 |
||